| 000 | 01012nam2a22002411 4500 | ||
|---|---|---|---|
| 001 | RU\NLR\INFOCOMM31\1000095194 | ||
| 005 | 20250617055025.0 | ||
| 035 | _a(NLR Aleph) 002500090 | ||
| 090 |
_a2585179 _c2585179 |
||
| 100 | _a20040816d2001 |||y0rusy50 ca | ||
| 101 | 0 | _arus | |
| 102 | _aRU | ||
| 105 | _ay ||||||||| | ||
| 200 | 0 | _a2001, 11(35) | |
| 210 |
_d2001 _aБ. м. |
||
| 461 | 0 |
_1001RU\NLR\INFOCOMM31\1000095159 _12001#$aБухгалтерский учет в издательстве и полиграфии$eЕжемес. журн.$fУчредитель: АО "Фининнова"$v2001, 11(35) _92584978 _cМ. _d1999 - _fУчредитель: АО "Фининнова" _nФинансы и кредит _oЕжемес. журн. _tБухгалтерский учет в издательстве и полиграфии _x2079-6781 _v2001, 11(35) |
|
| 801 | 1 |
_aRU _bInfoComm _c20040816 |
|
| 801 | 0 |
_aRU _bNLR _gPSBO |
|
| 852 |
_aNLR _jП23/4587 |
||
| 942 | _cISSUE | ||
| 980 | _aNB | ||
| 980 | _aRUSPER | ||